Artificial intelligence and machine learning for business : a no-nonsense guide to data driven technologies /

Guardado en:
Autor Principal: Finlay, Steven, 1969-
Formato: Libro
Idioma:English
Publicado: [Great Britain] : Relativistic, c2017.
Materias:
Etiquetas: Agregar Etiqueta
Sin Etiquetas, Sea el primero en etiquetar este registro!
LEADER 00855nam a22002175a 4500
001 EAD.ead004205
008 171206s2017####enk######b####000#0#eng#d
005 20180228123351.0
245 1 0 |a Artificial intelligence and machine learning for business :  |b a no-nonsense guide to data driven technologies /  |c Steven Finley. 
260 |a [Great Britain] :  |b Relativistic,  |c c2017. 
300 |a viii, 142 p. ;  |c 22 cm. 
500 |a Apéndice B más información y lecturas recomendadas. 
504 |a Incluye referencias bibliográficas (p. 138-142) y glosario. 
020 |a 9781999730307 
020 |a 1999730305 
100 1 |a Finlay, Steven,  |d 1969- 
082 0 4 |a 658.4038011  |2 21 
650 7 |a Toma de decisiones.  |2 unbist 
653 |a Internet de las cosas 
650 7 |a Redes neuronales.  |2 isoc 
859 |a AR-BaBDC  |b BIB. ADMINISTRACION - Libros  |h 658.4038011  |i F496a2  |p b06828